Pakt stability a rastu z pohľadu nových členských krajín EÚ
Opodstatnenie vzniku Paktu stability a rastu. Fiškálne kritériá a nové členské krajiny Európskej únie. Reforma Paktu stability a rastu - postup pri nadmernom deficite.
Saved in:
| Main Author: | |
|---|---|
| Other Authors: | |
| Format: | Book Chapter |
| Language: | Slovak |
| Subjects: | |
| Tags: |
No Tags, Be the first to tag this record!
|
MARC
| LEADER | 00000nla$a2200000$$$4500 | ||
|---|---|---|---|
| 001 | 0105656 | ||
| 005 | 20240502072155.2 | ||
| 041 | 0 | |a slo | |
| 044 | |a SK | ||
| 245 | 1 | 0 | |a Pakt stability a rastu z pohľadu nových členských krajín EÚ |c Eva Muchová, Peter Lisý |
| 520 | |a Opodstatnenie vzniku Paktu stability a rastu. Fiškálne kritériá a nové členské krajiny Európskej únie. Reforma Paktu stability a rastu - postup pri nadmernom deficite. | ||
| 610 | 2 | 0 | |a Európska únia |
| 610 | 2 | 0 | |a spolupráca hospodárska medzinárodná |
| 610 | 2 | 0 | |a politika fiškálna |
| 610 | 2 | 0 | |a financie verejné |
| 610 | 2 | 0 | |a rozpočty |
| 610 | 2 | 0 | |a deficit |
| 610 | 2 | 0 | |a stabilita hospodárstva |
| 610 | 2 | 0 | |a rast hospodársky |
| 610 | 2 | 0 | |a dohody medzinárodné |
| 100 | 1 | |a Muchová, Eva, 1961- | |
| 700 | 1 | |a Lisý, Peter | |